00586nam a2200169Ia 4500003000900000008004100009040001600050080001600066110003700082245008600119260004100205300001500246650004100261942000700302999001500309952009200324IN-BaIIA211028s9999 xx 000 0 eng d cIIA Library a338.98bIND aIndia. Planning Commission97712 0aDraft fifth five year plan, 1974-79,bvol. 1cGovt. of India. Planning Commission aNew DelhibGovernment of Indiac1974 aiii, 295p. aAstronomy and Astrophysics Thesaurus cBK c4413d4413 00104070aBANbBANcGENd1974-06-04l0o338.98/ INDp4925r2021-11-05w1974-06-04yBK